| 000 | 00519nam a2200157 i 4500 | ||
|---|---|---|---|
| 001 | 141171 | ||
| 003 | ES-MaACL | ||
| 005 | 20230906200234.0 | ||
| 007 | t| | ||
| 008 | 070919s1962 sp ||||1| spa d | ||
| 100 | 1 |
_aVitoria Burgoa, Ursino. _9115521 |
|
| 245 | 1 | 0 |
_aReforma notarial y principios fundamentales de la persona individual y social / _cpor Ursino Vitoria Burgoa. |
| 260 |
_a[Burgos : _bs.n.], _c1962 ( _fHijos de Santiago RodrÃguez) |
||
| 300 |
_a79 p. ; _c24 cm. |
||
| 852 |
_aES-MaACL _jC-21631 _bR.50008 |
||
| 999 |
_c141171 _d141171 |
||